Edgar Allan Poe stories

Guardat en:
Dades bibliogràfiques
Autor principal: Poe, Edgar Allan
Format: Llibre
Idioma:Undetermined
Publicat: New York, Estados Unidos Platt & Munk 1961
Matèries:
Etiquetes: Afegir etiqueta
Sense etiquetes, Sigues el primer a etiquetar aquest registre!

MARC

LEADER 00000nam a2200000Ia 4500
008 170316s9999 xx 000 0 und d
040 |a cru BVZT 
090 |a 810 P-15e 
100 |a Poe, Edgar Allan 
245 |a Edgar Allan Poe stories 
260 |a New York, Estados Unidos 
260 |b Platt & Munk 
260 |c 1961 
300 |a 510 páginas 
650 |a LITERATURA ESTADOUNIDENSE 
650 |a HISTORIAS 
650 |a POEMAS 
650 |a EN IDIOMA INGLÉS 
999 |c 6030  |d 6030 
942 |c 15 D  |h 810 P-15e  |2 z